10 największych miast w opolskim - Statystyki

Ogólne statystyki
  • Ten quiz został rozwiązany 146 razy
  • Średni wynik to 7 z 10
Statystyki odpowiedzi
Liczba ludności Miasto % Poprawnych
128 142 Opole
100%
61 949 Kędzierzyn - Koźle
83%
44 345 Nysa
83%
23 920 Kluczbork
73%
36 208 Brzeg
69%
18 135 Strzelce Opolskie
66%
21 287 Prudnik
63%
16 288 Namysłów
58%
16 576 Krapkowice
53%
13 719 Głuchołazy
46%
Nie znaleziono quizów pasujących do podanych kryteriów
Rozkład punktacji
Procent ludzi z każdym wynikiem
Percentyl według liczby udzielonych odpowiedzi
Twoja historia wyników
Nie rozwiązałeś tego quizu